000 00815nam a2200241 a 4500
001 BRCA_6681
005 20190320205542.0
008 131011s1942----mx-#######---#000-0#spa-#
041 _aspa
044 _amx
050 4 _aBH203
_b.O34 1942
100 1 _aOdebrecht, Rudolf
_d1883-
_916709
245 1 0 _aLa estética contemporánea
_cRudolf Odebrecht; traducción de Jose Gaos.
260 _aMéxico
_bUNAM, Instituto de Investigaciones Estéticas
_c1942
300 _a106 p.
_c24 cm.
440 0 _aUNAM, Instituto de Investigaciones Estéticas, Anales
_v8 (suplemento)
_916710
500 _aL203
650 1 4 _aEstética
_97755
700 1 _aGaos, Jose
_f1900-1969
_911471
710 2 _aUniversidad Nacional Autonoma de México.
_bInstituto de Investigaciones Estéticas.
_916711
902 _aGFM
942 _2lcc
_cB
999 _c6364
_d6364